[Event "Ankara Baskent Univ op 6th"]
[Site "Ankara"]
[Date "2023.08.19"]
[Round "7"]
[White "Biyiksiz, Ali Batuhan"]
[Black "Gurbanov, Ismayil"]
[Result "1-0"]
[WhiteElo "2102"]
[BlackElo "1985"]
[PlyCount "151"]
[EventDate "2023.08.15"]
[EventType "swiss"]
[EventRounds "9"]
[EventCountry "TUR"]
[SourceTitle "CBM 215 Extra"]
[Source "ChessBase"]
[SourceDate "2023.09.30"]
[SourceVersion "1"]
[SourceVersionDate "2023.09.30"]
[SourceQuality "1"]

1. Nf3 Nf6 2. d4 e6 3. c4 d5 4. g3 dxc4 5. Qa4+ Nbd7 6. Qxc4 Bd6 7. Nbd2 0-0 8. Bg2 c5 9. 0-0 a6 10. Qc2 Qc7 11. Nc4 cxd4 12. Nxd4 Bc5 13. Bf4 e5 14. Nxe5 Nxe5 15. Rac1 Nfd7 16. Nb3 Bxf2+ 17. Rxf2 Qb6 18. Qc7 Ng4 19. Qxb6 Nxb6 20. Rff1 Be6 21. Bxb7 Ra7 22. Bf3 Nd5 23. Bd6 Rd8 24. Bc5 Rc7 25. Rcd1 Rcd7 26. e4 Ndf6 27. Rxd7 Nxd7 28. Bxg4 Bxg4 29. Bd6 Re8 30. Rc1 h6 31. Rc4 Re6 32. Rd4 Re8 33. Nd2 Be6 34. b3 Rc8 35. Nc4 Rc6 36. Kf2 Nb6 37. Ne3 a5 38. Ke2 a4 39. bxa4 Nc4 40. Nxc4 Bxc4+ 41. Ke3 Bxa2 42. a5 Bc4 43. e5 Ba6 44. Rd2 Rc4 45. Rb2 Ra4 46. Bb4 Ra1 47. Kd4 Rc1 48. Bc3 Rd1+ 49. Rd2 Rc1 50. Rb2 Rd1+ 51. Kc5 Rd8 52. Kb6 Ra8 53. Rd2 Bf1 54. Kb7 Re8 55. a6 Re7+ 56. Kb6 Re6+ 57. Rd6 Re8 58. a7 Bg2 59. Bd4 Kh7 60. Kc7 Bh1 61. Rd8 Re7+ 62. Rd7 Rxd7+ 63. Kxd7 Kg6 64. e6 fxe6 65. Kxe6 Bg2 66. Ke7 Kh7 67. Kf8 g5 68. h4 Kg6 69. Be3 Kh5 70. hxg5 hxg5 71. Ke7 Kg4 72. Bf2 Be4 73. Kd7 Kf3 74. Be1 Ke2 75. Bb4 Kf3 76. Bd6 1-0

[Event "TUR Cup"]
[Site "Denizli"]
[Date "2023.07.22"]
[Round "9"]
[White "Tuna, Kaan Arda"]
[Black "Biyiksiz, Ali Batuhan"]
[Result "0-1"]
[WhiteElo "1325"]
[BlackElo "2076"]
[PlyCount "72"]
[EventDate "2023.07.16"]
[EventType "team-tourn"]
[EventRounds "9"]
[EventCountry "TUR"]
[SourceTitle "CBM 215 Extra"]
[Source "ChessBase"]
[SourceDate "2023.09.30"]
[SourceVersion "1"]
[SourceVersionDate "2023.09.30"]
[SourceQuality "1"]

1. d4 Nf6 2. c4 e6 3. Nf3 c5 4. e3 cxd4 5. exd4 d6 6. Nc3 Be7 7. Bf4 0-0 8. Be2 a6 9. 0-0 Nbd7 10. Re1 b6 11. Bg3 Nh5 12. Nd2 Nxg3 13. hxg3 Nf6 14. Bf3 Rb8 15. Nde4 Nxe4 16. Nxe4 f5 17. Nc3 Bf6 18. Rc1 Bd7 19. Qd3 Qc7 20. Red1 Rfd8 21. g4 g6 22. a3 Rbc8 23. b3 Bg5 24. Rc2 b5 25. gxf5 bxc4 26. bxc4 Qxc4 27. fxe6 Qxd3 28. Rxd3 Bxe6 29. Be4 d5 30. Rg3 Bh4 31. Bxd5 Bxd5 32. Rh3 Bg5 33. f4 Bxf4 34. Nxd5 Rxc2 35. Nxf4 Rxd4 36. Ne6 Rg4 0-1

[Event "TUR Cup"]
[Site "Denizli"]
[Date "2023.07.21"]
[Round "8"]
[White "Dedebas, Emre Emin"]
[Black "Biyiksiz, Ali Batuhan"]
[Result "1/2-1/2"]
[WhiteElo "2305"]
[BlackElo "2076"]
[PlyCount "63"]
[EventDate "2023.07.16"]
[EventType "team-tourn"]
[EventRounds "9"]
[EventCountry "TUR"]
[SourceTitle "CBM 215 Extra"]
[Source "ChessBase"]
[SourceDate "2023.09.30"]
[SourceVersion "1"]
[SourceVersionDate "2023.09.30"]
[SourceQuality "1"]

1. d4 Nf6 2. Nf3 b6 3. c4 Bb7 4. g3 g6 5. Bg2 Bg7 6. 0-0 0-0 7. Qc2 c5 8. d5 b5 9. Nc3 b4 10. Nd1 d6 11. e4 e5 12. Ne1 Ne8 13. Nd3 Nd7 14. Ne3 Qe7 15. Bd2 Nc7 16. Rae1 Rae8 17. Bc1 a5 18. a4 Bc8 19. b3 Qd8 20. Bb2 f5 21. exf5 gxf5 22. f4 e4 23. Bxg7 Kxg7 24. Nf2 Nf6 25. Bh3 Ng8 26. Qb2+ Qf6 27. Qxf6+ Rxf6 28. g4 fxg4 29. Nfxg4 Rff8 30. f5 h5 31. Nf2 Nh6 32. Nh1 1/2-1/2

[Event "TUR-ch U20"]
[Site "Samsun"]
[Date "2023.05.23"]
[Round "7"]
[White "Kaynak, Deniz Can"]
[Black "Biyiksiz, Ali Batuhan"]
[Result "0-1"]
[WhiteElo "1651"]
[BlackElo "2107"]
[PlyCount "136"]
[EventDate "2023.05.19"]
[EventType "swiss"]
[EventRounds "9"]
[EventCountry "TUR"]
[SourceTitle "CBM 214 Extra"]
[Source "ChessBase"]
[SourceDate "2023.07.31"]
[SourceVersion "1"]
[SourceVersionDate "2023.07.31"]
[SourceQuality "1"]

1. c4 e5 2. g3 Nc6 3. Bg2 f5 4. Nc3 Nf6 5. e3 e4 6. d3 Bb4 7. Nge2 d5 8. 0-0 dxc4 9. dxe4 fxe4 10. Qxd8+ Nxd8 11. Nxe4 Nxe4 12. Bxe4 c6 13. Rd1 Nf7 14. Bd2 a5 15. Nd4 0-0 16. Rac1 Ng5 17. Bg2 Bg4 18. f3 Nh3+ 19. Bxh3 Bxh3 20. Rxc4 Be7 21. f4 Rfd8 22. Kf2 Bg4 23. Ne2 Be6 24. Re4 Kf7 25. b3 Bf6 26. Ke1 b5 27. f5 Bxf5 28. Rf4 Be6 29. Rc1 Ra6 30. Bc3 a4 31. Bxf6 gxf6 32. Nd4 Bd5 33. e4 Re8 34. bxa4 Rxa4 35. Nxc6 Bxe4 36. Kf1 Rxa2 37. Nd4 Rxh2 38. Rc7+ Kg8 39. Rxf6 Ra8 40. Rf2 Ra1+ 41. Ke2 Ra2+ 42. Ke3 Rhxf2 43. Kxe4 b4 44. Rb7 Rab2 45. Nc6 b3 46. Nd4 Rg2 47. Rxb3 Rxb3 48. Nxb3 Rxg3 49. Nd4 Rg4+ 50. Ke3 h5 51. Nf5 Kh7 52. Kf3 Kg6 53. Ne3 Ra4 54. Nd1 Kg5 55. Nf2 Ra3+ 56. Kg2 Kh4 57. Kh2 Ra2 58. Kg2 Kg5 59. Kf3 Ra3+ 60. Kg2 h4 61. Nh3+ Kh5 62. Nf2 Rg3+ 63. Kh2 Kg6 64. Nh1 Ra3 65. Nf2 Kg5 66. Nh3+ Kg4 67. Nf2+ Kf3 68. Nh1 Ra1 0-1

[Event "TUR-ch U20"]
[Site "Samsun"]
[Date "2023.05.20"]
[Round "3"]
[White "Kucuk, Aybike"]
[Black "Biyiksiz, Ali Batuhan"]
[Result "1/2-1/2"]
[WhiteElo "1603"]
[BlackElo "2107"]
[PlyCount "86"]
[EventDate "2023.05.19"]
[EventType "swiss"]
[EventRounds "9"]
[EventCountry "TUR"]
[SourceTitle "CBM 214 Extra"]
[Source "ChessBase"]
[SourceDate "2023.07.31"]
[SourceVersion "1"]
[SourceVersionDate "2023.07.31"]
[SourceQuality "1"]

1. d4 Nf6 2. c4 c5 3. d5 e6 4. Nc3 exd5 5. cxd5 d6 6. Nf3 g6 7. e4 a6 8. a4 Bg4 9. Be2 Nbd7 10. Be3 Bg7 11. 0-0 0-0 12. h3 Bxf3 13. Bxf3 Re8 14. Qc2 Rb8 15. a5 Qe7 16. Rfe1 b5 17. axb6 Rxb6 18. Ra2 Reb8 19. Rea1 Ne8 20. Be2 Nc7 21. Bc1 Nb5 22. Nxb5 axb5 23. Ra7 Qe8 24. Rc7 R8b7 25. Rxb7 Rxb7 26. Ra6 Rb6 27. Rxb6 Nxb6 28. Bf4 Qd7 29. b3 Bf8 30. Qa2 Qe8 31. f3 b4 32. Bf1 Qd8 33. Qa5 Qf6 34. Bg3 Nd7 35. Qc7 Qe7 36. Bb5 Nf6 37. Qxe7 Bxe7 38. Kf1 Nh5 39. Bh2 f6 40. g4 Ng7 41. Ke2 g5 42. Kd3 Kf7 43. Kc4 Ne8 1/2-1/2

[Event "TUR-ch Youth"]
[Site "Denizli"]
[Date "2022.05.26"]
[Round "4"]
[White "Ozen, Metehan"]
[Black "Biyiksiz, Ali Batuhan"]
[Result "1/2-1/2"]
[WhiteElo "1829"]
[BlackElo "2123"]
[PlyCount "172"]
[EventDate "2022.05.24"]
[EventType "swiss"]
[EventRounds "9"]
[EventCountry "TUR"]
[SourceTitle "EXT 2023"]
[Source "ChessBase"]
[SourceDate "2022.10.05"]
[SourceVersion "1"]
[SourceVersionDate "2022.10.05"]
[SourceQuality "1"]

1. e4 e5 2. Nf3 Nc6 3. d4 exd4 4. Nxd4 Nf6 5. Nxc6 bxc6 6. e5 Qe7 7. Qe2 Nd5 8. c4 Nb6 9. b3 d6 10. exd6 Qxe2+ 11. Bxe2 cxd6 12. Bb2 f6 13. 0-0 Kf7 14. Bf3 Bb7 15. Nc3 Be7 16. Rad1 Rad8 17. Ne2 d5 18. cxd5 cxd5 19. Bd4 Rc8 20. Nf4 Bd6 21. Bxb6 Bxf4 22. Bxa7 Ra8 23. Bc5 Rxa2 24. Bxd5+ Bxd5 25. Rxd5 Rb8 26. g3 Be5 27. Rd7+ Kg6 28. b4 Rc2 29. Re1 h5 30. h4 Ra8 31. Red1 Rc8 32. Rb7 R2xc5 33. bxc5 Rxc5 34. Rdd7 f5 35. Kg2 Bf6 36. Rbc7 Ra5 37. Rc6 Rb5 38. Rcd6 Rb2 39. Rd2 Rb4 40. f4 Rb5 41. R7d5 Rxd5 42. Rxd5 Bc3 43. Kf2 Kf6 44. Rd3 Bb4 45. Ke2 g6 46. Kd1 Bc5 47. Kc2 Bf2 48. Kc3 Be1+ 49. Kd4 Bf2+ 50. Kd5 Be1 51. Kd6 Bb4+ 52. Kd7 Kf7 53. Rb3 Bc5 54. Kc6 Bf2 55. Rf3 Be1 56. Kd5 Kf6 57. Rb3 Ba5 58. Re3 Bd2 59. Re6+ Kf7 60. Ra6 Be1 61. Ra3 Kf6 62. Kc6 Bf2 63. Kd7 Kf7 64. Rf3 Bd4 65. Kd6 Kf6 66. Kd5 Bb6 67. Ra3 Bf2 68. Ra6+ Kf7 69. Ke5 Kg7 70. Ra3 Kf7 71. Rb3 Kg7 72. Ke6 Be1 73. Rb7+ Kh6 74. Kf7 Kh7 75. Rb3 Bf2 76. Rf3 Be1 77. Re3 Bf2 78. Re6 Bxg3 79. Rxg6 Bxf4 80. Rg5 Kh6 81. Rxf5 Bg3 82. Rf6+ Kh7 83. Rf3 Be1 84. Rf1 Bg3 85. Rg1 Bf2 86. Rg7+ Kh6 1/2-1/2

[Event "TUR-ch Youth"]
[Site "Denizli"]
[Date "2022.05.24"]
[Round "1"]
[White "Biyiksiz, Ali Batuhan"]
[Black "Geren, Osman"]
[Result "1-0"]
[WhiteElo "2123"]
[BlackElo "1037"]
[PlyCount "73"]
[EventDate "2022.05.24"]
[EventType "swiss"]
[EventRounds "9"]
[EventCountry "TUR"]
[SourceTitle "EXT 2023"]
[Source "ChessBase"]
[SourceDate "2022.10.05"]
[SourceVersion "1"]
[SourceVersionDate "2022.10.05"]
[SourceQuality "1"]

1. d4 Nf6 2. c4 c5 3. d5 e6 4. Nc3 exd5 5. cxd5 d6 6. e4 g6 7. f4 Bg7 8. Bb5+ Bd7 9. Bd3 a6 10. a4 b6 11. Nf3 0-0 12. 0-0 Re8 13. Re1 Qc7 14. Bc4 Bg4 15. h3 Bxf3 16. Qxf3 Nbd7 17. Be3 h5 18. Bf2 Nh7 19. Rad1 Qd8 20. Qd3 g5 21. e5 dxe5 22. d6 Rf8 23. Nd5 exf4 24. Ne7+ Kh8 25. Qg6 Ne5 26. Rxe5 Bxe5 27. Qxh5 Qe8 28. Re1 f6 29. Qh6 Rf7 30. Ng6+ Kg8 31. d7 Qxd7 32. Rxe5 fxe5 33. Nxe5 Qd1+ 34. Kh2 Raa7 35. Nxf7 Qxa4 36. Ne5+ Kh8 37. Ng6# 1-0

[Event "Ayvalik Yunus Gp-A"]
[Site "Ayvalik"]
[Date "2022.05.05"]
[Round "8"]
[White "Kovchan, Alexander"]
[Black "Biyiksiz, Ali Batuhan"]
[Result "1-0"]
[WhiteElo "2548"]
[BlackElo "1971"]
[PlyCount "111"]
[EventDate "2022.04.30"]
[EventType "team-schev"]
[EventRounds "9"]
[EventCountry "TUR"]
[SourceTitle "CBM 208 Extra"]
[Source "ChessBase"]
[SourceDate "2022.07.31"]
[SourceVersion "1"]
[SourceVersionDate "2022.07.31"]
[SourceQuality "1"]
[WhiteTeam "Team B"]
[BlackTeam "Team D"]
[WhiteTeamCountry "TUR"]
[BlackTeamCountry "TUR"]

1. e4 e5 2. Nf3 Nc6 3. Bb5 a6 4. Ba4 Nf6 5. 0-0 Nxe4 6. d4 b5 7. Bb3 d5 8. dxe5 Be6 9. Nbd2 Nc5 10. c3 d4 11. Bxe6 Nxe6 12. cxd4 Ncxd4 13. a4 Bb4 14. axb5 Nxb5 15. Nc4 0-0 16. Qe2 c5 17. Qe4 Nbd4 18. Be3 Nxf3+ 19. Qxf3 Qd3 20. Nd6 Nd4 21. Qb7 Nc2 22. Rad1 Qb3 23. Bxc5 Rab8 24. Qc7 Bxc5 25. Qxc5 Nb4 26. Rd2 Nd3 27. Qa5 Nxb2 28. Qxa6 Na4 29. Qe2 Rb4 30. f4 Nc5 31. f5 Qc3 32. Rfd1 Nb3 33. Rd5 Nd4 34. Qf2 Nb3 35. h3 Ra4 36. R5d3 Qb4 37. f6 g6 38. e6 fxe6 39. f7+ Kg7 40. Qb2+ Nd4 41. Qxd4+ Qxd4+ 42. Rxd4 Ra7 43. Re4 Re7 44. Rde1 Kf6 45. Rf1+ Kg7 46. Ne8+ Kh8 47. Ref4 e5 48. Rf6 e4 49. R1f4 e3 50. Kf1 Ra7 51. g3 Ra2 52. Nc7 g5 53. R4f5 Ra1+ 54. Ke2 Ra2+ 55. Kxe3 Ra3+ 56. Kf2 1-0

[Event "EU-ch Hybrid U12"]
[Site "Tornelo INT"]
[Date "2021.10.15"]
[Round "5"]
[White "Biyiksiz, Ali Batuhan"]
[Black "Butolo, Alexandru Mircea"]
[Result "1-0"]
[WhiteElo "1623"]
[BlackElo "1824"]
[PlyCount "127"]
[EventDate "2021.10.15"]
[EventType "swiss"]
[EventRounds "9"]
[EventCountry "NET"]
[SourceTitle "EXT 2023"]
[Source "ChessBase"]
[SourceDate "2022.10.05"]
[SourceVersion "1"]
[SourceVersionDate "2022.10.05"]
[SourceQuality "1"]
[WhiteTeam "Turkey"]
[BlackTeam "Romania"]
[WhiteTeamCountry "TUR"]
[BlackTeamCountry "ROU"]

1. e4 c5 2. Nf3 Nc6 3. d4 cxd4 4. Nxd4 Nf6 5. Nc3 e6 6. Ndb5 Bc5 7. Bf4 0-0 8. e5 a6 9. Nd6 Qb6 10. Qd2 Ng4 11. Nde4 Ngxe5 12. Na4 Qb4 13. Nexc5 d6 14. c3 Qa5 15. b4 Qc7 16. Ne4 b5 17. Nb2 Rd8 18. Bd3 Nxd3+ 19. Qxd3 e5 20. Bg5 f6 21. Bh4 d5 22. Nc5 a5 23. Rc1 axb4 24. cxb4 Nxb4 25. Qd2 Nxa2 26. Rc2 Bf5 27. Nbd3 Nb4 28. Qxb4 Bxd3 29. Rc1 Rdc8 30. Nxd3 Qxc1+ 31. Nxc1 Rxc1+ 32. Ke2 Rxh1 33. Qxb5 Rha1 34. Qxd5+ Kh8 35. g4 R1a4 36. Bg3 Rb8 37. Kf3 e4+ 38. Kg2 Re8 39. Qc6 Raa8 40. Bf4 Rac8 41. Qd7 Rcd8 42. Qf7 Rf8 43. Qb7 Rfe8 44. h4 Rf8 45. Qxe4 Rfe8 46. Qb4 Rc8 47. g5 fxg5 48. hxg5 Re6 49. Be3 Rec6 50. Kg3 Kg8 51. Qb3+ Kh8 52. Bd4 Rc4 53. Qb7 R4c7 54. Qd5 Rc6 55. Qf7 Rg6 56. f4 Rd8 57. Kh4 h6 58. Qxg6 hxg5+ 59. Kxg5 Rxd4 60. f5 Rd2 61. Qe8+ Kh7 62. Qe4 Kh8 63. f6 gxf6+ 64. Kg6 1-0

[Event "EU-ch Hybrid U12"]
[Site "Tornelo INT"]
[Date "2021.10.15"]
[Round "3"]
[White "Biyiksiz, Ali Batuhan"]
[Black "Matyassy, Lazar"]
[Result "1/2-1/2"]
[WhiteElo "1623"]
[BlackElo "2027"]
[PlyCount "56"]
[EventDate "2021.10.15"]
[EventType "swiss"]
[EventRounds "9"]
[EventCountry "NET"]
[SourceTitle "EXT 2023"]
[Source "ChessBase"]
[SourceDate "2022.10.05"]
[SourceVersion "1"]
[SourceVersionDate "2022.10.05"]
[SourceQuality "1"]
[WhiteTeam "Turkey"]
[BlackTeam "Hungary"]
[WhiteTeamCountry "TUR"]
[BlackTeamCountry "HUN"]

1. e4 c5 2. Nf3 d6 3. d4 cxd4 4. Nxd4 Nf6 5. Nc3 Nc6 6. f3 e5 7. Nb3 Be7 8. Be3 0-0 9. Qd2 Be6 10. 0-0-0 a5 11. a4 Nb4 12. Kb1 d5 13. exd5 Nfxd5 14. Bc4 Nxc3+ 15. Qxc3 Qc8 16. Nd2 Rd8 17. Bxe6 Qxe6 18. Qb3 Nd5 19. Rhe1 b5 20. Bd4 Bf6 21. axb5 a4 22. Qa3 Nc7 23. Qc5 Rac8 24. Bf2 Nd5 25. Qa3 Be7 26. Qxa4 Nb4 27. Qb3 Qd7 28. c4 Qe6 1/2-1/2

[Event "EU-ch Amateur Online Final 1400/1700"]
[Site "Tornelo INT"]
[Date "2021.04.18"]
[Round "7"]
[White "Biyiksiz, Ali Batuhan"]
[Black "Ntouvelos, Ioannis"]
[Result "0-1"]
[WhiteElo "1594"]
[BlackElo "1547"]
[PlyCount "58"]
[EventDate "2021.04.18"]
[EventType "swiss (rapid)"]
[EventRounds "9"]
[EventCountry "NET"]
[SourceTitle "EXT 2023"]
[Source "ChessBase"]
[SourceDate "2022.10.05"]
[SourceVersion "1"]
[SourceVersionDate "2022.10.05"]
[SourceQuality "1"]

1. d4 e6 2. e4 d5 3. Nd2 c5 4. dxc5 Bxc5 5. Bb5+ Nc6 6. Ngf3 Bxf2+ 7. Kxf2 Qb6+ 8. Ke1 Qxb5 9. Qe2 Qxe2+ 10. Kxe2 Nf6 11. exd5 exd5 12. h3 Bf5 13. c3 h5 14. Kf2 0-0-0 15. Ng5 Ne5 16. Ndf3 Nfd7 17. Be3 f6 18. Nxe5 Nxe5 19. Nf3 Nd3+ 20. Kg3 b6 21. Nd4 Be4 22. b3 Kb7 23. a4 Rc8 24. Nb5 Rc6 25. Bd4 a6 26. Na3 f5 27. h4 Rg6+ 28. Kh3 Nf4+ 29. Kh2 Rxg2# 0-1